Financing Trade and International Supply Chains (Record no. 352114)

000 -LEADER
fixed length control field 00544nam a22001817a 4500
003 - CONTROL NUMBER IDENTIFIER
control field OSt
005 - DATE AND TIME OF LATEST TRANSACTION
control field 20180116183107.0
008 - FIXED-LENGTH DATA ELEMENTS--GENERAL INFORMATION
fixed length control field 171031b xxu||||| |||| 00| 0 eng d
020 ## - INTERNATIONAL STANDARD BOOK NUMBER
International Standard Book Number 9781409454601
040 ## - CATALOGING SOURCE
Transcribing agency 0
082 ## - DEWEY DECIMAL CLASSIFICATION NUMBER
Classification number 332.042 MAL 2014
100 ## - MAIN ENTRY--PERSONAL NAME
Personal name Alexander R. Malket, CITP
245 ## - TITLE STATEMENT
Title Financing Trade and International Supply Chains
Statement of responsibility, etc. Alexander R. Malket, CITP
260 ## - PUBLICATION, DISTRIBUTION, ETC.
Place of publication, distribution, etc. USA
Name of publisher, distributor, etc. Routledge
Date of publication, distribution, etc. 2014
300 ## - PHYSICAL DESCRIPTION
Extent 291p.
Other physical details HB.
440 ## - SERIES STATEMENT/ADDED ENTRY--TITLE
Title Financing Trade and International Supply Chains
942 ## - ADDED ENTRY ELEMENTS (KOHA)
Source of classification or shelving scheme
Koha item type Book
Call number prefix 332.042 MAL 2014
Holdings
Withdrawn status Lost status Source of classification or shelving scheme Damaged status Not for loan Collection code Permanent Location Current Location Shelving location Date acquired Total Checkouts Full call number Barcode Date last seen Price effective from Koha item type
            Central Library (CL) Central Library (CL) General Stacks 10/31/2017   332.042 MAL 2014 NBS10354 10/31/2017 10/31/2017 Book
© 2023 Central Library, National University of Sciences and Technology. All Rights Reserved.